Visión Colombia II Centenario : (Registro nro. 8126)

Detalles MARC
000 -CABECERA
Campo de control 01065nam a22002657a 4500
005 - FECHA Y HORA DE LA ULTIMA TRANSACCION
Campo de control 20140221153456.0
008 - ELEMENTOS DE LONGITUD FIJA—INFORMACION GENERAL
Campo de control 080801s2006 ck a gr 00010dspa d
020 ## - ISBN
ISBN 9588025745
041 ## - IDIOMA
Código de idioma para texto/pista de sonido o título separado Español
044 ## - PAÍS DE PUBLICACIÓN
País de publicación Colombia
082 04 - NUMERO DE CLASIFICACION DECIMAL DEWEY
Número de clasificación 333.72
Número del ítem C718v3
110 2# - ASIENTO PRINCIPAL--NOMBRE CORPORATIVO
Nombre corporativo o de jurisdicción como elemento de entrada Dirección de Desarrollo Urbano y Política Ambiental.
245 10 - MENCION DE TITULO
Título Visión Colombia II Centenario :
Parte restante del título 2019 : construir ciudades amables : propuesta para discusión /
Mención de responsabilidad Dirección de Desarrollo Urbano y Política Ambiental.
260 3# - PUBLICACION, DISTRIBUCION, ETC. (PIE DE IMPRENTA)
Lugar de publicación, distribución, etc. Bogotá
Nombre del editor, distribuidor, etc. Departamento Nacional de Planeación
Fecha de publicación, distribución, etc. 2006.
300 ## - DESCRIPCION FISICA
Extensión 89 p. :
Otros detalles físicos il. ;
Dimensiones 28 cm.
504 ## - NOTA DE BIBLIOGRAFIA, ETC.
Nota de bibliografía Incluye referencias bibliográficas
650 ## - ASIENTO SECUNDARIO DE MATERIA - TERMINO TEMATICO
Término temático o nombre geográfico como elemento de entrada Urbanismo
Subdivisión general Aspectos sociales
Subdivisión geográfica Colombia.
650 #6 - ASIENTO SECUNDARIO DE MATERIA - TERMINO TEMATICO
Término temático o nombre geográfico como elemento de entrada Urbanización
Subdivisión geográfica Colombia.
650 #6 - ASIENTO SECUNDARIO DE MATERIA - TERMINO TEMATICO
Término temático o nombre geográfico como elemento de entrada Vivienda
Subdivisión geográfica Colombia.
650 ## - ASIENTO SECUNDARIO DE MATERIA - TERMINO TEMATICO
Término temático o nombre geográfico como elemento de entrada Abastecimiento de agua
Subdivisión geográfica Colombia.
650 ## - ASIENTO SECUNDARIO DE MATERIA - TERMINO TEMATICO
Término temático o nombre geográfico como elemento de entrada Transporte urbano
Subdivisión geográfica Colombia.
650 #6 - ASIENTO SECUNDARIO DE MATERIA - TERMINO TEMATICO
Término temático o nombre geográfico como elemento de entrada Planificación económica
Subdivisión geográfica Colombia
Subdivisión cronológica 2019.
651 #6 - ASIENTO SECUNDARIO DE MATERIA - NOMBRE GEOGRAFICO
Nombre geográfico Colombia
Subdivisión general Modelos económicos
Subdivisión cronológica 2019.
942 ## - ELEMENTOS ADICIONALES (KOHA)
Sistema de clasificación Dewey Decimal Classification
Tipo de ítem Impreso
Existencias
Withdrawn status Lost status Sistema de Clasificación Damaged status No para préstamo Colección Inventariado Ubicación Permanente Ubicación actual Fecha de adquisición Fuente de Valor Valor Total Checkouts Número topográfico Inventario / Código de Barras Date last seen Ejemplar Price effective from Forma de adquisición Tipo de material
    Dewey Decimal Classification     General Inventariado 2017 Bogotá Bogotá 21/02/2014 Instituto 39000.00   LB-333.72 C718v3 059864 21/02/2014 Ej. 1 21/02/2014   Libro